000 00738nam a2200193 a 4500
003 0
005 20250324115926.0
008 071121s19uu xx 00 eng d
050 _aPHS LB 3060.33.A25
_b.C559 2007
100 _aChua, James Nicolo C.
245 _aGender and family income and their relationship to academic performance /
_cJames Nicolo C. Chua.
260 _aLas PiƱas City, Philippines :
_bSouthville International School and Colleges,
_c2007.
300 _a33 pages :
_billustrations ;
_c28 cm.
504 _aIncludes bibliographical references.
650 _aAcademic achievement
_xEconomic aspects.
650 _aAcademic achievement
_xSocial aspects.
650 _aSex differences in education.
942 _2lcc
_cPASS
999 _c97810
_d97810